Ni ange ni b^ete : (Record no. 80467)
[ view plain ]
| 000 -LEADER | |
|---|---|
| fixed length control field | 00554cam5a220019300 4500 |
| 001 - CONTROL NUMBER | |
| control field | tmp15345975 |
| 003 - CONTROL NUMBER IDENTIFIER | |
| control field | UPRA |
| 005 - DATE AND TIME OF LATEST TRANSACTION | |
| control field | 20190816085454.0 |
| 008 - FIXED-LENGTH DATA ELEMENTS--GENERAL INFORMATION | |
| fixed length control field | 950801s1919 fr fre u |
| 035 ## - SYSTEM CONTROL NUMBER | |
| System control number | (Sirsi) r124167 |
| 035 ## - SYSTEM CONTROL NUMBER | |
| System control number | (UPRA)tmp15345975 |
| 040 ## - CATALOGING SOURCE | |
| Transcribing agency | UPRA |
| 100 1# - MAIN ENTRY--PERSONAL NAME | |
| Personal name | Maurois, Andre, 1885-1967. |
| Dates associated with a name | Maurois, Andre, 1885-1967. |
| Linkage | A34984.1 |
| 245 10 - TITLE STATEMENT | |
| Title | Ni ange ni b^ete : |
| Remainder of title | roman. |
| 260 ## - PUBLICATION, DISTRIBUTION, ETC. | |
| Place of publication, distribution, etc. | [Paris] : |
| Name of publisher, distributor, etc. | Grasset, |
| Date of publication, distribution, etc. | [1919] |
| 440 #0 - SERIES STATEMENT/ADDED ENTRY--TITLE | |
| Title | Livre de poche |
| Linkage | S322.1 |
| 949 ## - LOCAL PROCESSING INFORMATION (OCLC) | |
| a | PQ2625.A95 |
| w | lcc |
| i | -178396 |
| m | MAIN |
| t | BOOK |
| l | ON-SHELF |
No items available.